Statistics for Biggest Lakes in Finland

Click here to take the quiz!

General Stats

  • This quiz has been taken 60 times
  • The average score is 4 of 10

Answer Stats

HintAnswer% Correct
1.Saimaa
96%
3.Inari
81%
2.Päijänne
81%
5.Oulujärvi
61%
4.Pielinen
35%
6.Keitele
28%
7.Kallavesi
26%
9.Lokka
22%
10.Höytiäinen
6%
8.Puula
6%

Score Distribution

Percentile by Number Answered

Percent of People with Each Score

Your Score History

You have not taken this quiz